Miesto, funkcie a ciele dane z obratu v novej ekonomickej sústave po prestavbe hospodárskeho mechanizmu záverečná práca postgraduálneho štúdia

Gespeichert in:
Bibliographische Detailangaben
1. Verfasser: Brezíková, Gabriela
Körperschaft: Vysoká škola ekonomická v Bratislave
Weitere Verfasser: Petrenka, Ján
Format: Buch
Sprache:Slowakisch
Veröffentlicht: Bratislava 1989
Tags: Tag hinzufügen
Keine Tags, Fügen Sie das erste Tag hinzu!

MARC

LEADER 00000nam a2200000 4500
001 c029828
005 20230116095141.0
041 0 |a slo 
044 |a SK 
245 1 0 |a Miesto, funkcie a ciele dane z obratu v novej ekonomickej sústave po prestavbe hospodárskeho mechanizmu  |b záverečná práca postgraduálneho štúdia  |c Gabriela Brezíková ; ved. práce Ján Petrenka 
264 1 |a Bratislava  |c 1989 
300 |a 50 s. 
100 1 |a Brezíková, Gabriela 
700 1 |a Petrenka, Ján 
710 2 |a Vysoká škola ekonomická v Bratislave